|
|
|
|
| LEADER |
00000nam0a2200000 4500 |
| 001 |
373178 |
| 005 |
20231102012536.0 |
| 010 |
|
|
|b 5000 экз.
|
| 035 |
|
|
|a (RuTPU)RU\TPU\retro\30605
|
| 035 |
|
|
|a RU\TPU\book\298430
|
| 090 |
|
|
|a 373178
|
| 100 |
|
|
|a 20221215d1932 m y0rusy50 ca
|
| 101 |
0 |
|
|a rus
|
| 102 |
|
|
|a RU
|
| 105 |
|
|
|a a z 000zy
|
| 200 |
1 |
|
|a Обработка золотосодержащих руд
|f В. Я. Мостович
|
| 210 |
|
|
|a Москва
|a Ленинград
|c НКТП
|c Цветметиздат
|d 1932
|
| 215 |
|
|
|a 110 с.
|c ил.
|
| 606 |
1 |
|
|a Золотосодержащие руды
|x Обработка
|2 stltpush
|3 (RuTPU)RU\TPU\subj\11888
|9 38765
|
| 610 |
1 |
|
|a амальгамация
|
| 610 |
1 |
|
|a цианирование
|
| 610 |
1 |
|
|a хлоринация
|
| 610 |
1 |
|
|a труды учёных ТПУ
|
| 610 |
1 |
|
|a коллекция ТПУ
|
| 675 |
|
|
|a 622.342
|v 3
|
| 700 |
|
1 |
|a Мостович
|b В. Я.
|c российский ученый, специалист в области металлургии цветных металлов и золота
|c профессор Томского технологического института
|f 1880-1935
|g Владимир Яковлевич
|2 stltpush
|3 (RuTPU)RU\TPU\pers\18677
|
| 801 |
|
1 |
|a RU
|b 63413507
|c 20141112
|
| 801 |
|
2 |
|a RU
|b 63413507
|c 20221215
|g RCR
|
| 942 |
|
|
|c BK
|